Countries the UK Have NOT Invaded - Statistics

General Stats
  • This quiz has been taken 31 times
  • The average score is 10 of 22
Answers on the Map
Answers color-coded by a green-red scale on the quiz's map according to % correct below.
 
Answer Stats
Answer % Correct
Mongolia
78%
Chad
70%
Paraguay
63%
Vatican City
63%
Bolivia
59%
Kyrgyzstan
56%
Republic of the Congo
56%
Tajikistan
56%
Uzbekistan
56%
Central African Republic
52%
Luxembourg
52%
Mali
52%
Andorra
44%
Monaco
41%
Sweden
41%
Liechtenstein
37%
Sao Tome and Principe
33%
Burundi
30%
Ivory Coast
30%
Guatemala
26%
Belarus
22%
Marshall Islands
4%
No matching quizzes found
Score Distribution
Percent of People with Each Score
Percentile by Number Answered
Your Score History
You have not taken this quiz